004230000a220014500045001000019000007000019000192450044000386500018000826500021001006500023001216500033001446510012001770410013001897730075002021 aWebster, David1 aJones, J. Knox10aNoteworthy records of bats from Bolivia14aMurciélagos14aNuevos registros14aTaxonomía animal14aInventarios de murciélagos 4pBolivia0 aInglés1 tOccasional Papers: Museum of Texas Tech University3430h68q1-6d1980